000 00782cam a22002654a 4500
005 20260322212015.0
008 data
010 _a 2003026042
020 _a1880336839
020 _a9781880336830
040 _aDLC
_cDLC
_dDLC
042 _apcc
050 0 0 _aGV1102.7.T7
_bK563 2004
082 0 0 _a796.8
_222
092 _a796.8 K563 2004
100 1 _aKim, Sang H.
245 1 0 _aUltimate flexibility :
_ba complete guide to stretching for martial arts /
_cSang H. Kim.
260 _aWethersfield, Conn. :
_bTurtle Press,
_cc2004.
300 _a304 p. :
_bill. ;
_c29 cm.
500 _aIncludes index.
650 0 _aMartial arts
_xTraining.
650 0 _aStretching exercises.
856 4 1 _3Table of contents
_uhttp://www.loc.gov/catdir/toc/ecip0411/2003026042.html
001 data
999 _c313
_d313